Managing Time (Record no. 293964)

MARC details
000 -LEADER
fixed length control field 00405nam a2200157Ia 4500
008 - FIXED-LENGTH DATA ELEMENTS--GENERAL INFORMATION
fixed length control field 230718s9999 xx 000 0 und d
041 ## - LANGUAGE CODE
Language code of text/sound track or separate title eng
082 ## - DEWEY DECIMAL CLASSIFICATION NUMBER
Classification number 658.4093
Item number BHA
100 ## - MAIN ENTRY--PERSONAL NAME
Personal name Bhatia R.L.
245 ## - TITLE STATEMENT
Title Managing Time
Remainder of title For A Competitive Edge
260 ## - PUBLICATION, DISTRIBUTION, ETC. (IMPRINT)
Date of publication, distribution, etc. 1994
Name of publisher, distributor, etc. Wheeler A H Publishing
300 ## - PHYSICAL DESCRIPTION
Extent 99
365 ## - TRADE PRICE
Currency code Rs.
Price amount 60.00
700 ## - ADDED ENTRY--PERSONAL NAME
Personal name Bhatia R.L.
906 ## - LOCAL DATA ELEMENT F, LDF (RLIN)
d B:407619-Jun-1995
c OTH
b 9
Holdings
Withdrawn status Lost status Damaged status Not for loan Home library Current library Date acquired Vendor Budget Code Cost, normal purchase price Bill number Total Checkouts Full call number Barcode Date last seen Discount Cost, replacement price Bill Date Koha item type Original Barcode
        Cummins College of Engineering for Women Pune Cummins College of Engineering for Women Pune 29/06/1995 Technical Book Services OTH 51.00 4076   658.4093 CCEP-BK-5169 18/07/2023 9 60.00 19/06/1995 Books 005169